Statistiques concernant Le réseau Train (anciennement Transilien)

Cliquez ici pour prendre le quiz!

Statistiques générales

  • Ce quiz a été pris 84 fois
    (33 depuis la dernière actualisation)
  • Le résultat moyen est 61 sur 263

Statistiques - réponses

LignesGares% Correct
Ligne HParis-Nord
65%
Ligne L | Ligne ULa Défense (Grande Arche)
61%
Ligne RMelun
61%
Ligne KParis Nord
61%
Ligne J | Ligne LParis-Saint-Lazare
57%
Ligne LCergy-Préfecture
52%
Ligne J | Ligne LHouilles-Carrières-sur-Seine
52%
Ligne PParis Est
52%
Ligne NVersailles-Chantiers
52%
Ligne UVersailles Chantiers
52%
Ligne LVersailles-Rive-Droite
52%
Ligne JArgenteuil
48%
Ligne J | Ligne LAsnières-sur-Seine
48%
Ligne LCergy-le-Haut
48%
Ligne HCreil
48%
Ligne LNanterre-Université
48%
Ligne NParis-Montparnasse
48%
Ligne LPont Cardinet
48%
Ligne HSaint-Denis (L'Île-Saint-Denis)
48%
Ligne LAchères-Ville
43%
Ligne LBécon-les-Bruyères
43%
Ligne LCergy-Saint-Christophe
43%
Ligne L | Ligne UChaville-Rive-Droite
43%
Ligne LClichy-Levallois
43%
Ligne LCourbevoie
43%
Ligne LLa Garenne-Colombes
43%
Ligne LMaisons-Laffitte
43%
Ligne J | Ligne NMantes-la-Jolie
43%
Ligne PMeaux
43%
Ligne LMontreuil
43%
Ligne LNeuville-Université
43%
Ligne L | Ligne UPuteaux
43%
Ligne L | Ligne USaint-Cloud
43%
Ligne LSartrouville
43%
Ligne L | Ligne USuresnes - Mont Valérien
43%
Ligne JBois-Colombes
39%
Ligne NChaville-Rive-Gauche
39%
Ligne NClamart
39%
Ligne JColombes
39%
Ligne H | Ligne JErmont - Eaubonne
39%
Ligne LLa Celle-Saint-Cloud
39%
Ligne LLes Vallées
39%
Ligne NMeudon
39%
Ligne RMontargis
39%
Ligne RParis-Gare-de-Lyon
39%
Ligne H | Ligne JPontoise
39%
Ligne NRambouillet
39%
Ligne N | Ligne USaint-Cyr
39%
Ligne NVanves - Malakoff
39%
Ligne LViroflay-Rive-Droite
39%
Ligne KAulnay-sous-Bois
35%
Ligne J | Ligne LConflans - Fin-d'Oise
35%
Ligne NDreux
35%
Ligne HPersan - Beaumont
35%
Ligne PProvins
35%
Ligne LSèvres - Ville-d'Avray
35%
Ligne USèvres - Ville d'Avray
35%
Ligne N | Ligne UTrappes
35%
Ligne LVaucresson
35%
Ligne HÉpinay - Villetaneuse
30%
Ligne JGisors
30%
Ligne N | Ligne ULa Verrière
30%
Ligne JLe Stade
30%
Ligne LLe Val d'Or
30%
Ligne HLuzarches
30%
Ligne JMantes-Station
30%
Ligne LMarly-le-Roi
30%
Ligne JPoissy
30%
Ligne LSaint-Nom-la-Bretèche - Forêt de Marly
30%
Ligne NBellevue
26%
Ligne LBougival
26%
Ligne PChelles - Gournay
26%
Ligne PCoulommiers
26%
Ligne PEsbly
26%
Ligne LGarches - Marne-la-Coquette
26%
Ligne NLes Essarts-le-Roi
26%
Ligne LLouveciennes
26%
Ligne KMitry - Claye
26%
Ligne RMontereau
26%
Ligne HPierrelaye
26%
Ligne N | Ligne USaint-Quentin-en-Yvelines (Montigny-le-Bretonneux)
26%
Ligne NSèvres-Rive-Gauche
26%
Ligne HTaverny
26%
Ligne JUs
26%
Ligne JVal d'Argenteuil
26%
Ligne NViroflay-Rive-Gauche
26%
Ligne HAuvers-sur-Oise
22%
Ligne HCernay
22%
Ligne NCoignières
22%
Ligne JConflans - Saint-Honorine
22%
Ligne KCrépy-en-Valois
22%
Ligne HEnghien-les-Bains
22%
Ligne HFranconville - Le Plessis-Bouchard
22%
Ligne JHerblay
22%
Ligne HLa Barre - Ormesson
22%
Ligne JLes Mureaux
22%
Ligne LL'Étang-la-Ville
22%
Ligne HMontigny - Beauchamp
22%
Ligne JOsny
22%
Ligne NPlaisir - Grignon
22%
Ligne HSaint-Leu-la-Forêt
22%
Ligne HSaint-Ouen-L'Aumône
22%
Ligne HSaint-Ouen-l'Aumône - Liesse
22%
Ligne JSannois
22%
Ligne PTournan
22%
Ligne JVernon-Giverny
22%
Ligne JVillennes-sur-Seine
22%
Ligne RBagneaux-sur-Loing
17%
Ligne HBessancourt
17%
Ligne RBois-le-Roi
17%
Ligne HBoran-sur-Oise
17%
Ligne HChamp de courses d'Enghien (Commune de Soisy-sous-Montmorency)
17%
Ligne PChâteau - Thierry
17%
Ligne JCormeilles-en-Parisis
17%
Ligne PCrécy-la-Chapelle
17%
Ligne HDeuil - Montmagny
17%
Ligne HDomont
17%
Ligne NÉpône - Mézières
17%
Ligne JÉpône-Mézières
17%
Ligne HErmont Halte
17%
Ligne RFontainebleau - Avon
17%
Ligne NFontenay-le-Fleury
17%
Ligne HGros Noyer - Saint-Prix
17%
Ligne PLa Ferté-Milon
17%
Ligne JLes Clairières de Verneuil
17%
Ligne NMareil-sur-Mauldre
17%
Ligne NMontfort-l'Amaury - Méré
17%
Ligne HMontsoult - Maffliers
17%
Ligne PNanteuil - Saâcy
17%
Ligne HSarcelles - Saint-Brice (Commune de Saint-Brice-sous-Forêt)
17%
Ligne HSeugy
17%
Ligne PTrilport
17%
Ligne HValmondois (Butry-sur-Oise)
17%
Ligne HVaucelles
17%
Ligne JVernouillet - Verneuil
17%
Ligne NVillepreux - Les Clayes
17%
Ligne JAubergenville - Élisabethville
13%
Ligne HBelloy - Saint-Martin
13%
Ligne NBeynes
13%
Ligne HBouffémont - Moiselles
13%
Ligne RBourron - Marlotte - Grez
13%
Ligne HBruyères-sur-Oise
13%
Ligne HChampagne-sur-Oise
13%
Ligne JChanteloup-les-Vignes
13%
Ligne HChaponval
13%
Ligne JChaumont-en-Vexin
13%
Ligne KCompans
13%
Ligne HÉcouen - Ézanville (Musée National de la Renaissance)
13%
Ligne HÉpluches
13%
Ligne PFaremoutiers - Pommeuse
13%
Ligne RFerrières - Fontenay
13%
Ligne HFrépillon
13%
Ligne NGarancières - La Queue
13%
Ligne HGroslay
13%
Ligne NHoudan
13%
Ligne PLa Ferté-sous-Jouarre
13%
Ligne PLagny - Thorigny
13%
Ligne RLa Grande-Paroisse
13%
Ligne NLe Perray
13%
Ligne JLimay
13%
Ligne HL'Isle-Adam - Parmain
13%
Ligne RLivry-sur-Seine
13%
Ligne PLongueville
13%
Ligne NMarchezais - Broué
13%
Ligne NMaule
13%
Ligne HMériel
13%
Ligne HMéry-sur-Oise
13%
Ligne JMeulan - Hardricourt
13%
Ligne RMontigny-sur-Loing
13%
Ligne PNangis
13%
Ligne RNemours - Saint-Pierre
13%
Ligne NNézel - Aulnay
13%
Ligne HNointel - Mours
13%
Ligne NOrgerus - Béhoust
13%
Ligne NPlaisir - Les Clayes
13%
Ligne HPont-Petit
13%
Ligne HPrécy-sur-Oise
13%
Ligne HPresles Courcelles
13%
Ligne JRosny-sur-Seine
13%
Ligne HSaint-Leu-d'Esserent
13%
Ligne RSaint-Mammès
13%
Ligne JSaint-Ouen-l'Aumône - Quartier de l'Église
13%
Ligne NTacoignières - Richebourg
13%
Ligne KThieux Nantouillet
13%
Ligne JTriel-sur-Seine
13%
Ligne PVaires - Torcy
13%
Ligne HViarmes
13%
Ligne HVillaines
13%
Ligne NVilliers - Neauphle - Pontchartrain
13%
Ligne JAndrésy
9%
Ligne JBoissy-l’Aillerie
9%
Ligne JBonnières
9%
Ligne RChampagne-sur-Seine
9%
Ligne PChampbenoist - Poigny
9%
Ligne PChangis-Saint-Jean
9%
Ligne JChars
9%
Ligne RChartrettes
9%
Ligne PChézy-sur-Marne
9%
Ligne PCouilly - Saint-Germain - Quincy
9%
Ligne PCrouy-sur-Ourcq
9%
Ligne KDammartin - Juilly Saint-Mard
9%
Ligne RDordives
9%
Ligne JÉragny - Neuville
9%
Ligne RFontaine-le-Port
9%
Ligne JGargenville
9%
Ligne PGuérard - La Celle-sur-Morin
9%
Ligne RHéricy
9%
Ligne PIsles - Armentières - Congis
9%
Ligne JIssou - Porcheville
9%
Ligne JJuziers
9%
Ligne P (Car)La Ferté-Gaucher
9%
Ligne JLa Frette - Montigny
9%
Ligne JLa Villetertre
9%
Ligne KLe Plessis - Belleville
9%
Ligne JLiancourt-Saint-Pierre
9%
Ligne PLizy-sur-Ourcq
9%
Ligne PMareuil-sur-Ourcq
9%
Ligne PMarles-en-Brie
9%
Ligne JMaurecourt
9%
Ligne JMontgeroult - Courcelles
9%
Ligne PMontry - Condé
9%
Ligne RMoret - Veneux-les-Sablons
9%
Ligne PMormant
9%
Ligne PMortcerf
9%
Ligne PMouroux
9%
Ligne KNanteuil-Le-Haudoin
9%
Ligne PNogent - l'Artaud - Charly
9%
Ligne KOrmoy-Villers
9%
Ligne PSaint-Colombe - Septveille
9%
Ligne JSanteuil - Le Perchay
9%
Ligne RSouppes - Château-Landon
9%
Ligne RThomery
9%
Ligne JThun-le-Paradis
9%
Ligne JTrie-Château
9%
Ligne JVaux-sur-Seine
9%
Ligne PVerneuil-L'Étang
9%
Ligne RVernou-sur-Seine
9%
Ligne PVilliers - Montbarbin
9%
Ligne RVulaines-sur-Seine - Samoreau
9%
Ligne P (Car)Chailly - Boissy-le-Châtel
4%
Ligne P (Car)Chauffry
4%
Ligne P (Car)La Ferté-Gaucher-Centre
4%
Ligne P (Car)Saint-Rémy-La-Vanne
4%
Ligne P (Car)Saint-Siméon
4%
Ligne P (Car)Jouy-sur-Morin - Champgou
0%
Ligne P (Car)Jouy-sur-Morin - Eustache
0%
Ligne P (Car)Jouy-sur-Morin - Monument
0%

Distribution des résultats

Percentile par nombre de réponses

% des personnes avec chaque résultat

Votre développement - résultats

Vous n’avez pas pris ce quiz depuis la dernière actualisation